000 00590nam a2200193Ia 4500
008 100315s9999 xx 000 0 und d
040 _cENGLISH 
082 _b3533 
100 _a"Anitha, H.S. "
245 _aMarketing in 21st Century : Challenges & Opportunities
260 _aJaypur 
_bMangal Dep  
_c1999 
300 _a324 
365 _eRupees 
_d
_b525.00 
366 _f
505 _gvaibhav gaikwad 
630 _aMarketing in 21st Century : Challenges & Opportunities
730 _aMarketing in 21st Century : Challenges & Opportunities
942 _cBOOK
999 _c478268
_d478265